000 01583nam0a2200289 i 4500
001 RU\NLR\BIBL_A\011294440
005 20260405144515.0
021 _aRU
_b2016-92385
_96102
035 _a(NLR Aleph) 011294440
090 _a10941390
_c10941390
100 _a20161219d2016 u y0rusy50 ca
101 0 _arus
102 _aRU
105 _aa j 00zy
200 1 _aТеория электропривода
_eучебное пособие
_e[по направлению подготовки "Электроэнергетика и электротехника"]
_fЮ. С. Усынин, М. А. Григорьев, А. М. Журавлев
_gМ-во образования и науки Рос. Федерации, Юж.-Ур. гос. ун-т, Каф. "Автоматизир. электропривод"
210 _aЧелябинск
_cИздательский центр ЮУрГУ
_d2016
215 _a53, [1] с.
_cил.
_d21
320 _aБиблиогр.: с. 52 (11 назв.)
606 1 _aЭлектрические приводы
_jУчебные издания для высших учебных заведений
_xТеория
_92084618
_3RU\NLR\auth\661260709
686 1 _aЗ291-01я73-1
700 1 _aУсынин
_bЮ.С.
_gЮрий Семенович
701 1 _7ca
_8rus
_aГригорьев
_bМ. А.
_cканд. техн. наук
_gМаксим Анатольевич
_943018
_3RU\NLR\AUTH\7760087
701 1 _aЖуравлев
_bА. М.
_gАртем Михайлович
942 _cBOOK
980 _aNBR